LEADER 01128nam 2200301Ia 450 001 996389787703316 005 20221108044553.0 035 $a(CKB)1000000000643042 035 $a(EEBO)2248556698 035 $a(OCoLC)12259197 035 $a(EXLCZ)991000000000643042 100 $a19850712d1667 uy 0 101 0 $aeng 135 $aurbn||||a|bb| 200 14$aThe English princess, or, The death of Richard the III$b[electronic resource] $ea tragedy written in the year 1666, and acted at His Highness the Duke of York's Theatre 210 $aLondon, $cPrinted for Thomas Dring, and are to be sold at his shop ...$d1667 215 $a[4], 65 p 300 $aWritten by John Caryll. Cf. BM. 300 $aOn t.p.: "Licensed, May 22, 1667. Roger L'Estrange." 300 $aReproduction of originals in: British Library, Trinty College (Dublin, Ireland) Library. 330 $aeebo-0179 700 $aCaryll$b John$f1625-1711.$01004294 801 0$bEAE 801 1$bEAE 906 $aBOOK 912 $a996389787703316 996 $aThe English princess, or, The death of Richard the III$92334659 997 $aUNISA LEADER 01116nam 2200397 450 001 9910806924903321 005 20230809225101.0 010 $a80-246-2915-1 035 $a(CKB)3790000000536670 035 $a(MiAaPQ)EBC5163294 035 $a(Au-PeEL)EBL5163294 035 $a(CaPaEBR)ebr11475110 035 $a(OCoLC)1014422032 035 $a(EXLCZ)993790000000536670 100 $a20171222h20172017 uy 0 101 0 $acze 135 $aurcnu|||||||| 181 $2rdacontent 182 $2rdamedia 183 $2rdacarrier 200 10$aNova nabozenstvi a nasili /$fZdenek Vojtisek 210 1$aPraha, [Czech Republic] :$cUniverzita Karlova v Praze,$d2017. 210 4$dİ2017 215 $a1 online resource (285 pages) 311 $a80-246-2861-9 606 $aViolence$xReligious aspects 615 0$aViolence$xReligious aspects. 676 $a201.76332 700 $aVojti?s?ek$b Zdene?k$01663805 801 0$bMiAaPQ 801 1$bMiAaPQ 801 2$bMiAaPQ 906 $aBOOK 912 $a9910806924903321 996 $aNova nabozenstvi a nasili$94021388 997 $aUNINA